LEADER 00656nam a2200169 i 4500 001 000000092121 003 CaOOAMICUS 005 20260331163219.0 008 020325n it u000 u ita u 040 $aSeMil$bita 245 10$aTedesco-Italiano. 300 $aXVIII, 1650 p. 773 0 $tZionario delle lingue italiana e tedesca.$dFirenze ; Roma : Sansoni ; Wiesbaden : Brandstetter, 1984.$b2. ed. corretta e ampliata$kGrandi dizionari Sansoni$gParte2$w()7043 850 $aSeMil 852 $aSeMil$W1$xVenegono$y1$m1P VI 28/2$j269473$B55034$CSeMilBibl$Z2$F59722 $8I 996 $6245$aTedesco-Italiano$9(OLS)http://semarc/title/120361